Environmental and energy law / (Record no. 355774)

000 -LEADER
fixed length control field 01444cam a2200361 a 4500
001 - CONTROL NUMBER
control field 16932957
003 - CONTROL NUMBER IDENTIFIER
control field USPCAS-E
005 - DATE AND TIME OF LATEST TRANSACTION
control field 20180118181413.0
008 - FIXED-LENGTH DATA ELEMENTS--GENERAL INFORMATION
fixed length control field 110824s2012 enka b 001 0 eng
010 ## - LIBRARY OF CONGRESS CONTROL NUMBER
LC control number 2011035823
020 ## - INTERNATIONAL STANDARD BOOK NUMBER
International Standard Book Number 9781405177870
040 ## - CATALOGING SOURCE
Original cataloging agency DLC
Transcribing agency DLC
Modifying agency DLC
042 ## - AUTHENTICATION CODE
Authentication code pcc
050 00 - LIBRARY OF CONGRESS CALL NUMBER
Classification number K3981
Item number .M35 2012
082 00 - DEWEY DECIMAL CLASSIFICATION NUMBER
Classification number 344.046
Edition number 23
Author Mark ENV 2012
100 1# - MAIN ENTRY--PERSONAL NAME
Personal name Makuch, Karen E.
245 10 - TITLE STATEMENT
Title Environmental and energy law /
Statement of responsibility, etc. edited by Karen E. Makuch, Ricardo Pereira.
260 ## - PUBLICATION, DISTRIBUTION, ETC.
Place of publication, distribution, etc. Chichester, U.K. ;
-- Malden, MA :
Name of publisher, distributor, etc. Wiley Blackwell,
Date of publication, distribution, etc. 2012.
300 ## - PHYSICAL DESCRIPTION
Extent xxiv, 651 p. :
Other physical details ill. ;
Dimensions 25 cm.
502 ## - DISSERTATION NOTE
Dissertation note 0
504 ## - BIBLIOGRAPHY, ETC. NOTE
Bibliography, etc. note Includes bibliographical references and index.
650 #0 - SUBJECT ADDED ENTRY--TOPICAL TERM
Topical term or geographic name entry element Energy industries
General subdivision Environmental aspects.
650 #0 - SUBJECT ADDED ENTRY--TOPICAL TERM
Topical term or geographic name entry element Energy industries
General subdivision Law and legislation.
650 #0 - SUBJECT ADDED ENTRY--TOPICAL TERM
Topical term or geographic name entry element Power resources
General subdivision Law and legislation.
650 #0 - SUBJECT ADDED ENTRY--TOPICAL TERM
Topical term or geographic name entry element Environmental policy.
700 1# - ADDED ENTRY--PERSONAL NAME
Personal name Pereira, Ricardo M.
Titles and other words associated with a name (Law teacher)
856 42 - ELECTRONIC LOCATION AND ACCESS
Materials specified Contributor biographical information
Uniform Resource Identifier <a href="http://www.loc.gov/catdir/enhancements/fy1305/2011035823-b.html">http://www.loc.gov/catdir/enhancements/fy1305/2011035823-b.html</a>
856 42 - ELECTRONIC LOCATION AND ACCESS
Materials specified Publisher description
Uniform Resource Identifier <a href="http://www.loc.gov/catdir/enhancements/fy1305/2011035823-d.html">http://www.loc.gov/catdir/enhancements/fy1305/2011035823-d.html</a>
856 41 - ELECTRONIC LOCATION AND ACCESS
Materials specified Table of contents only
Uniform Resource Identifier <a href="http://www.loc.gov/catdir/enhancements/fy1305/2011035823-t.html">http://www.loc.gov/catdir/enhancements/fy1305/2011035823-t.html</a>
906 ## - LOCAL DATA ELEMENT F, LDF (RLIN)
a 7
b cbc
c orignew
d 1
e ecip
f 20
g y-gencatlg
942 ## - ADDED ENTRY ELEMENTS (KOHA)
Source of classification or shelving scheme
Koha item type Book
Holdings
Withdrawn status Lost status Source of classification or shelving scheme Damaged status Not for loan Collection code Permanent Location Current Location Shelving location Date acquired Source of acquisition Cost, normal purchase price Total Checkouts Full call number Barcode Date last seen Price effective from Koha item type
            US-Pakistan Center for Advanced Studies in Energy (USPCAS-E) US-Pakistan Center for Advanced Studies in Energy (USPCAS-E)   12/22/2015 Iqra 9278.00   344.046 ENV 2012 CAS-E0001059 12/22/2015 12/22/2015 Book
© 2023 Central Library, National University of Sciences and Technology. All Rights Reserved.